Estatísticas para Maiores campeões nacionais de futebol dos países da América do Sul

Clique aqui para jogar o quiz

Estatísticas Gerais

  • Esse quiz foi jogado 439 vezes
  • A pontuação média é 8 de 10

Estatísticas das Respostas

PaísNº de TítulosResposta% Correto
Brasil9Palmeiras
99%
Argentina36Boca Juniors
96%
Chile32Colo-Colo
86%
Uruguai49Peñarol
85%
Paraguai40Olimpia
80%
Colômbia16Atlético Nacional
77%
Bolívia28Bolívar
73%
Equador15Barcelona
61%
Venezuela11Caracas
61%
Peru26Universitario
50%

Distribuição das Pontuações

Percentil de Números Respondidos

Porcentagem de Pessoas com Cada Pontuação

Sua Pontuação Histórica

Você não jogou esse quiz